| 000 | 00825nam a2200229 4500 | ||
|---|---|---|---|
| 001 | 131007 | ||
| 003 | ES-MaACL | ||
| 005 | 20230906193909.0 | ||
| 007 | t| | ||
| 008 | 070214s1965 sp r ||||1| spa d | ||
| 100 | 1 |
_aRobert, A. _997797 |
|
| 245 | 1 | 0 |
_aIntroducción a la Biblia / _cA. Robert, A. Fenillet ; [versión castellana de Alejandro Ros]. |
| 260 |
_aBarcelona : _bHerder, _c1965. |
||
| 300 |
_a2 v. ; _c22 cm. |
||
| 490 | 1 |
_aBiblioteca Herder. Sección de Sagrada Escritura ; _v71 |
|
| 505 | 8 | _aContiene: t. I: Introducción general ; Antiguo Testamento ---- t. II: Nuevo Testamento | |
| 700 | 1 |
_aFenillet, A. _949250 |
|
| 700 | 1 |
_aRos, Alejandro. _999564 |
|
| 830 | 0 |
_aBiblioteca Herder. Sección de Sagrada Escritura ; _v71 _9186862 |
|
| 852 |
_aES-MaACL _jC-28252-3 _bR.57531 |
||
| 999 |
_c131007 _d131007 |
||